Energetická politika EU a US-komparácia bakalárska práca

Na minha lista:
Detalhes bibliográficos
Autor principal: Novocký, Jozef
Autor Corporativo: Obchodná fakulta EU. Katedra medzinárodného obchodu
Outros Autores: Medňanský, Ladislav
Formato: Livro
Idioma:eslovaco
Publicado em: Bratislava 2010
Tags: Adicionar Tag
Sem tags, seja o primeiro a adicionar uma tag!

MARC

LEADER 00000nam$a2200000$$$4500
001 0134171
005 20240320074101.0
041 0 |a slo 
044 |a SK 
245 1 0 |a Energetická politika EU a US-komparácia  |b bakalárska práca  |c Jozef Novocký ; školiteľ: Ladislav Medňanský 
264 1 |a Bratislava  |c 2010 
300 |a 50 s. 
100 1 |a Novocký, Jozef 
700 1 |a Medňanský, Ladislav 
710 2 |a Obchodná fakulta EU. Katedra medzinárodného obchodu